000 00621nam a2200229Ia 4500
003 OSt
005 20221007081519.0
006 a|||||r|||| 00| 0
007 ta
008 221006b |||||||| |||| 00| 0 eng d
024 _a17,770
037 _cTextual
040 _aFLL
_cFLL
_beng
041 _2eng
_aeng
082 _aY:434.73.N6, K9
100 _aDavis Kenneth S.
_9697443
245 0 _aParadox of poverty in America
260 _aNew York
_bThe H.W. Wilson Company USA
_c1969
300 _a224p
_ccm.
942 _hY:434.73.N6, K9
_cTEXL
_2CC
999 _c1163290
_d1163290